[Event "Wroclaw Anderssen Memorial op"]
[Site "Wroclaw"]
[Date "2018.08.04"]
[Round "5"]
[White "Kowalczyk, Pawel"]
[Black "Rutkowski, Maciej"]
[Result "0-1"]
[WhiteElo "2337"]
[BlackElo "2368"]
[PlyCount "114"]
[EventDate "2018.08.04"]
[EventType "swiss (rapid)"]
[EventRounds "13"]
[EventCountry "POL"]
[SourceTitle "CBM 185 Extra"]
[Source "ChessBase"]
[SourceDate "2018.07.29"]
[SourceVersion "1"]
[SourceVersionDate "2018.07.29"]
[SourceQuality "1"]

1. e4 c5 2. Ne2 Nc6 3. g3 d5 4. Bg2 dxe4 5. Bxe4 Nf6 6. Bg2 Bg4 7. h3 Bh5 8. Nbc3 e6 9. 0-0 Be7 10. d3 0-0 11. Be3 Nd4 12. g4 Bg6 13. Nf4 Qc7 14. Ne4 Nxe4 15. Nxg6 hxg6 16. Bxe4 Rad8 17. c3 Nc6 18. Qe2 g5 19. Rad1 g6 20. f4 Kg7 21. fxg5 Qg3+ 22. Bg2 Bd6 23. Rf3 Qe5 24. Bf1 Rh8 25. Qf2 Rd7 26. Re1 Qd5 27. b3 Ne5 28. Rg3 Nxd3 29. Bxd3 Bxg3 30. Qxg3 Qxd3 31. c4 b6 32. h4 Kh7 33. Rf1 Rf8 34. h5 Rd4 35. hxg6+ Kxg6 36. Rf6+ Kg7 37. Rf3 Re4 38. Bf4 Qd1+ 39. Rf1 Qd4+ 40. Kg2 Re2+ 41. Rf2 Rxf2+ 42. Qxf2 Qxf2+ 43. Kxf2 Kg6 44. Ke3 Re8 45. Ke4 Rd8 46. Ke3 Rd1 47. Bb8 a6 48. Ba7 Kxg5 49. Bxb6 Kxg4 50. Bxc5 f5 51. Ke2 Ra1 52. a4 e5 53. Bd6 e4 54. c5 f4 55. Kd2 e3+ 56. Ke2 Ra2+ 57. Kd3 e2 0-1

[Event "Wroclaw Anderssen Memorial op"]
[Site "Wroclaw"]
[Date "2018.08.04"]
[Round "4"]
[White "Rutkowski, Maciej"]
[Black "Rogoz, Vladyslav"]
[Result "1-0"]
[WhiteElo "2368"]
[BlackElo "1727"]
[PlyCount "85"]
[EventDate "2018.08.04"]
[EventType "swiss (rapid)"]
[EventRounds "13"]
[EventCountry "POL"]
[SourceTitle "CBM 185 Extra"]
[Source "ChessBase"]
[SourceDate "2018.07.29"]
[SourceVersion "1"]
[SourceVersionDate "2018.07.29"]
[SourceQuality "1"]

1. d4 e6 2. e4 d5 3. Nc3 Bb4 4. Nge2 c5 5. a3 Bxc3+ 6. Nxc3 dxe4 7. dxc5 Qxd1+ 8. Kxd1 f5 9. Nb5 Kd8 10. Bf4 Na6 11. Nd6 Ke7 12. c6 Rb8 13. Nxb7 Bxb7 14. Bxb8 Nxb8 15. cxb7 Nf6 16. Bb5 Rd8+ 17. Ke2 Rd6 18. c4 Rb6 19. b4 Rxb7 20. Rhd1 a6 21. Ba4 Rc7 22. Rac1 Nc6 23. Bxc6 Rxc6 24. f3 e5 25. c5 g5 26. Rc2 g4 27. Rcd2 exf3+ 28. gxf3 gxf3+ 29. Kxf3 a5 30. Rd6 Rc7 31. Re1 Ne4 32. Rxe4 fxe4+ 33. Kxe4 axb4 34. axb4 Rb7 35. Rb6 Rxb6 36. cxb6 Kd6 37. b5 Kd7 38. Kxe5 Kc8 39. h4 Kb7 40. h5 Kxb6 41. h6 Kxb5 42. Kf6 Kc6 43. Kg7 1-0

[Event "Wroclaw Anderssen Memorial op"]
[Site "Wroclaw"]
[Date "2018.08.04"]
[Round "6"]
[White "Wieczorek, Oskar"]
[Black "Rutkowski, Maciej"]
[Result "1-0"]
[WhiteElo "2477"]
[BlackElo "2368"]
[PlyCount "119"]
[EventDate "2018.08.04"]
[EventType "swiss (rapid)"]
[EventRounds "13"]
[EventCountry "POL"]
[SourceTitle "CBM 185 Extra"]
[Source "ChessBase"]
[SourceDate "2018.07.29"]
[SourceVersion "1"]
[SourceVersionDate "2018.07.29"]
[SourceQuality "1"]

1. c4 e5 2. g3 f5 3. Bg2 Nf6 4. Nc3 Be7 5. d4 e4 6. Nh3 0-0 7. Bg5 c6 8. e3 d6 9. Nf4 h6 10. Bxf6 Bxf6 11. h4 Na6 12. h5 Nc7 13. Qb3 Re8 14. 0-0 Ne6 15. Nxe6 Rxe6 16. d5 Re8 17. c5 Bxc3 18. dxc6+ Be6 19. Qxc3 bxc6 20. cxd6 Qxd6 21. Rfd1 Bd5 22. Bf1 Qe5 23. Rac1 Rab8 24. b3 Qxc3 25. Rxc3 a5 26. Rc5 a4 27. bxa4 Rb2 28. a5 Rxa2 29. a6 Kf7 30. Rxc6 Bxc6 31. Bc4+ Ke7 32. Bxa2 Bb5 33. Rd5 Bxa6 34. Re5+ Kd7 35. Rxe8 Kxe8 36. Be6 f4 37. exf4 Be2 38. g4 Ke7 39. Bf5 Kf6 40. Kg2 Ke7 41. Kg3 Kf6 42. Bxe4 Bd1 43. Bf3 Bb3 44. Be2 Bd5 45. Bd3 Bc6 46. f3 Ba4 47. Be4 Bb5 48. Bc2 Bc6 49. Be4 Bb5 50. Kh4 Bd7 51. f5 Ke5 52. Kg3 Ba4 53. Bd3 Bd1 54. f4+ Kd4 55. Bb1 Ke3 56. Ba2 Bc2 57. Be6 Bd1 58. Bf7 Bc2 59. Bg6 Kd4 60. f6 1-0

[Event "POL-chT 2nd League"]
[Site "Szczyrk"]
[Date "2014.09.11"]
[Round "6.3"]
[White "Rutkowski, Maciej"]
[Black "Plichta, Kamil"]
[Result "0-1"]
[WhiteElo "2381"]
[BlackElo "2277"]
[PlyCount "128"]
[EventDate "2014.09.06"]
[EventType "team-swiss"]
[EventRounds "9"]
[EventCountry "POL"]
[SourceTitle "EXT 2015"]
[Source "ChessBase"]
[SourceDate "2014.11.20"]
[SourceVersion "1"]
[SourceVersionDate "2014.11.20"]
[SourceQuality "1"]
[WhiteTeam "Pegow Wieza"]
[BlackTeam "Gostynin Gostmat 83"]
[WhiteTeamCountry "POL"]
[BlackTeamCountry "POL"]

1. c4 g6 2. Nc3 Bg7 3. g3 Nf6 4. Bg2 0-0 5. e4 c5 6. Nge2 Nc6 7. 0-0 d6 8. d3 a6 9. Rb1 Rb8 10. a3 b5 11. cxb5 axb5 12. b4 cxb4 13. axb4 e5 14. h3 Ne8 15. Be3 Nd4 16. Nd5 Nxe2+ 17. Qxe2 f5 18. Rfc1 Be6 19. f4 fxe4 20. dxe4 Rf7 21. Qd2 Nf6 22. Nxf6+ Bxf6 23. Rc6 Rd7 24. Rbc1 Qe7 25. Rc8+ Rxc8 26. Rxc8+ Rd8 27. Rxd8+ Qxd8 28. Kh2 Bc4 29. Qd1 Qd7 30. Bc5 exf4 31. gxf4 Be7 32. e5 Qf5 33. exd6 Qxf4+ 34. Kh1 Bd8 35. Bd5+ Bxd5+ 36. Qxd5+ Qf7 37. Qa8 Qf1+ 38. Kh2 Qe2+ 39. Kg3 Qe8 40. Qd5+ Qf7 41. Qa8 Qe8 42. Kf3 Qf7+ 43. Ke2 Qe6+ 44. Kd2 Qe8 45. Kd3 Qd7 46. Qd5+ Kf8 47. Qf3+ Ke8 48. Qe3+ Kf7 49. Qf3+ Qf5+ 50. Qxf5+ gxf5 51. Ba7 Ke6 52. Kd4 Kxd6 53. Bb8+ Kc6 54. Ke5 Be7 55. Kxf5 Bxb4 56. Ke4 Bd6 57. Bxd6 Kxd6 58. Kd4 h5 59. h4 Ke6 60. Kc5 Kf5 61. Kxb5 Kg4 62. Kc4 Kxh4 63. Kd3 Kg3 64. Ke2 Kg2 0-1

[Event "POL-chT1"]
[Site "Mrzezyno"]
[Date "2011.09.04"]
[Round "2"]
[White "Orzechowski, Jacek"]
[Black "Rutkowski, Maciej"]
[Result "1/2-1/2"]
[WhiteElo "2243"]
[BlackElo "2388"]
[PlyCount "35"]
[EventDate "2011.09.03"]
[EventType "team-tourn"]
[EventRounds "9"]
[EventCountry "POL"]
[SourceTitle "CBM 144 Extra"]
[Source "ChessBase"]
[SourceDate "2011.10.28"]
[SourceVersion "1"]
[SourceVersionDate "2011.10.28"]
[SourceQuality "1"]
[WhiteTeam "Raciborz Silesia"]
[BlackTeam "Gorzow Wielkopolski Stilon"]
[WhiteTeamCountry "POL"]
[BlackTeamCountry "POL"]

1. c4 e5 2. g3 Nc6 3. Nc3 g6 4. Bg2 Bg7 5. e4 d6 6. Nge2 f5 7. d3 Nf6 8. 0-0 0-0 9. Rb1 a5 10. a3 Be6 11. Nd5 Qd7 12. b4 axb4 13. axb4 Nd8 14. Bg5 Ra3 15. Bc1 Ra8 16. Bg5 Ra3 17. Bc1 Ra8 18. Bg5 1/2-1/2

[Event "POL-chT"]
[Site "Wroclaw"]
[Date "2011.05.07"]
[Round "2.2"]
[White "Rutkowski, Maciej"]
[Black "Chojnacki, Krzysztof"]
[Result "1/2-1/2"]
[WhiteElo "2395"]
[BlackElo "2441"]
[PlyCount "68"]
[EventDate "2011.05.06"]
[EventType "team-tourn"]
[EventRounds "9"]
[EventCountry "POL"]
[SourceTitle "EXT 2012"]
[Source "ChessBase"]
[SourceDate "2011.11.24"]
[SourceVersion "1"]
[SourceVersionDate "2011.11.24"]
[SourceQuality "1"]
[WhiteTeam "Gorzow Wielkopolski Stilon"]
[BlackTeam "Poznan"]
[WhiteTeamCountry "POL"]
[BlackTeamCountry "POL"]

1. e4 e5 2. Nf3 Nc6 3. Bb5 Nf6 4. d3 Bc5 5. c3 0-0 6. 0-0 d6 7. Nbd2 h6 8. h3 a6 9. Ba4 Ba7 10. Re1 Ne7 11. Nf1 Ng6 12. Ng3 d5 13. Bc2 Re8 14. d4 Nxe4 15. Nxe4 dxe4 16. Nxe5 Nxe5 17. dxe5 Bf5 18. Be3 Bxe3 19. Rxe3 Rxe5 20. Qe2 Qh4 21. Re1 Rae8 22. Qc4 c5 23. g4 Be6 24. Qa4 Bd5 25. Bxe4 Rxe4 26. Rxe4 Rxe4 27. Rxe4 Qxh3 28. Qe8+ Kh7 29. Qe5 Bxe4 30. Qxe4+ g6 31. Qf4 Kg8 32. Qb8+ Kg7 33. Qe5+ Kh7 34. Qf4 Kg7 1/2-1/2

[Event "POL-chT 66th"]
[Site "Katowice"]
[Date "2010.09.10"]
[Round "7"]
[White "Rutkowski, Maciej"]
[Black "Chojnacki, Krzysztof"]
[Result "1/2-1/2"]
[WhiteElo "2402"]
[BlackElo "2431"]
[PlyCount "91"]
[EventDate "2010.09.04"]
[EventType "team-tourn"]
[EventRounds "9"]
[EventCountry "POL"]
[SourceTitle "EXT 2016"]
[Source "ChessBase"]
[SourceDate "2015.10.08"]
[SourceVersion "1"]
[SourceVersionDate "2015.10.08"]
[SourceQuality "1"]
[WhiteTeam "Gorzow Wielkopolski Stilon"]
[BlackTeam "Poznan Pocztowiec"]
[WhiteTeamCountry "POL"]
[BlackTeamCountry "POL"]

1. d4 Nf6 2. Nf3 g6 3. c4 Bg7 4. g3 0-0 5. Bg2 d6 6. 0-0 Nbd7 7. Nc3 e5 8. h3 Re8 9. e4 exd4 10. Nxd4 a6 11. Re1 Ne5 12. b3 c5 13. Nc2 Nc6 14. Rb1 Rb8 15. a4 Nh5 16. Bb2 f5 17. Qd2 Qa5 18. Re2 Rd8 19. Nd5 Qxd2 20. Rxd2 Bxb2 21. Rxb2 Kf7 22. exf5 Bxf5 23. Nde3 Ng7 24. g4 Bxc2 25. Nxc2 Ne6 26. Rb1 Ncd4 27. Nxd4 Nxd4 28. b4 Nc6 29. b5 axb5 30. axb5 Nd4 31. Bd5+ Ke7 32. Ra2 Rd7 33. Re1+ Kd8 34. b6 Nc6 35. f4 Re7 36. Rxe7 Nxe7 37. Be4 Kd7 38. f5 gxf5 39. gxf5 Rf8 40. Ra7 d5 41. Rxb7+ Kd6 42. cxd5 Nxd5 43. Ra7 Nxb6 44. Rxh7 Nd5 45. Ra7 Ke5 46. Bxd5 1/2-1/2

[Event "POL-chT 66th"]
[Site "Katowice"]
[Date "2010.09.09"]
[Round "6"]
[White "Tazbir, Marcin"]
[Black "Rutkowski, Maciej"]
[Result "1-0"]
[WhiteElo "2523"]
[BlackElo "2402"]
[PlyCount "123"]
[EventDate "2010.09.04"]
[EventType "team-tourn"]
[EventRounds "9"]
[EventCountry "POL"]
[SourceTitle "EXT 2016"]
[Source "ChessBase"]
[SourceDate "2015.10.08"]
[SourceVersion "1"]
[SourceVersionDate "2015.10.08"]
[SourceQuality "1"]
[WhiteTeam "Wroclaw"]
[BlackTeam "Gorzow Wielkopolski Stilon"]
[WhiteTeamCountry "POL"]
[BlackTeamCountry "POL"]

1. c4 Nf6 2. Nc3 g6 3. g3 Bg7 4. Bg2 0-0 5. d3 c6 6. e4 d6 7. Nge2 a6 8. 0-0 b5 9. Rb1 e5 10. h3 b4 11. Na4 c5 12. f4 Nc6 13. Be3 Nd7 14. f5 h6 15. Qd2 g5 16. h4 f6 17. Bf3 Nb6 18. Nxb6 Qxb6 19. Bh5 Bd7 20. g4 Be8 21. Ng3 Qd8 22. Kg2 Bxh5 23. Nxh5 Kf7 24. Rh1 Rg8 25. Rh3 Ra7 26. Rbh1 Ke8 27. hxg5 hxg5 28. Ng3 Rf7 29. Kf3 Kd7 30. Qh2 Bf8 31. Rh7 Rxh7 32. Qxh7+ Be7 33. Rh6 Kc7 34. Nh5 Kb6 35. Nxf6 Bxf6 36. Rxf6 Qxf6 37. Qxg8 Qh6 38. Kg2 Qh4 39. Qxg5 Qe1 40. Bf2 Qe2 41. Qh4 Qxd3 42. g5 Nd4 43. Qg4 Ne2 44. g6 Nf4+ 45. Kh2 Qd2 46. Qg3 Nh5 47. Qh4 Qe2 48. f6 Qf3 49. g7 Nxf6 50. Kg1 Ng8 51. Qd8+ Kc6 52. Qc8+ Kb6 53. Qxg8 Qg4+ 54. Kh2 Qh5+ 55. Kg3 Qg5+ 56. Kf3 Qf4+ 57. Ke2 Qxe4+ 58. Kd2 Qf4+ 59. Be3 Qh2+ 60. Kd3 e4+ 61. Kxe4 Qe5+ 62. Kd3 1-0

[Event "POL-chT 66th"]
[Site "Katowice"]
[Date "2010.09.08"]
[Round "5"]
[White "Rutkowski, Maciej"]
[Black "Swiercz, Dariusz"]
[Result "1/2-1/2"]
[WhiteElo "2402"]
[BlackElo "2507"]
[PlyCount "81"]
[EventDate "2010.09.04"]
[EventType "team-tourn"]
[EventRounds "9"]
[EventCountry "POL"]
[SourceTitle "EXT 2016"]
[Source "ChessBase"]
[SourceDate "2015.10.08"]
[SourceVersion "1"]
[SourceVersionDate "2015.10.08"]
[SourceQuality "1"]
[WhiteTeam "Gorzow Wielkopolski Stilon"]
[BlackTeam "Wroclaw Polonia"]
[WhiteTeamCountry "POL"]
[BlackTeamCountry "POL"]

1. d4 Nf6 2. c4 g6 3. Nc3 d5 4. e3 Bg7 5. cxd5 Nxd5 6. Nxd5 Qxd5 7. Ne2 0-0 8. Nc3 Qd8 9. Be2 Nd7 10. 0-0 Nb6 11. Qc2 e5 12. dxe5 Bxe5 13. Rd1 Qe7 14. e4 c6 15. Be3 Be6 16. Rd2 Rfd8 17. Rad1 Nc4 18. Rxd8+ Rxd8 19. Bxc4 Bxc4 20. Bxa7 Rxd1+ 21. Qxd1 Qc7 22. Bd4 Bxh2+ 23. Kh1 Be5 24. Bxe5 Qxe5 25. Qd7 Qf6 26. Kg1 b5 27. a3 Kg7 28. Qd2 Qe5 29. Qe3 g5 30. Ne2 f6 31. Nd4 c5 32. Nf5+ Kg6 33. b4 cxb4 34. axb4 h5 35. f3 Qa1+ 36. Kh2 Qe5+ 37. Kg1 Be6 38. Ne7+ Kh6 39. Nc6 Qa1+ 40. Kh2 Bd7 41. Qc5 1/2-1/2

[Event "Lasker Memorial op 18th"]
[Site "Barlinek"]
[Date "2010.07.19"]
[Round "2"]
[White "Sharapov, Evgeny"]
[Black "Rutkowski, Maciej"]
[Result "1/2-1/2"]
[WhiteElo "2498"]
[BlackElo "2405"]
[PlyCount "21"]
[EventDate "2010.07.17"]
[EventType "swiss"]
[EventRounds "9"]
[EventCountry "POL"]
[SourceTitle "CBM 137 Extra"]
[Source "ChessBase"]
[SourceDate "2010.09.01"]
[SourceVersion "1"]
[SourceVersionDate "2010.09.01"]
[SourceQuality "1"]

1. e4 c5 2. Nf3 Nc6 3. d4 cxd4 4. Nxd4 g6 5. c4 Nf6 6. Nc3 d6 7. Be2 Nxd4 8. Qxd4 Bg7 9. Be3 0-0 10. Qd2 a5 11. 0-0 1/2-1/2

[Event "Gorzow Wiosna op 6th"]
[Site "Gorzow Wielkopolski"]
[Date "2010.04.03"]
[Round "7"]
[White "Rutkowski, Maciej"]
[Black "Krasenkova, Ilena"]
[Result "1/2-1/2"]
[WhiteElo "2428"]
[BlackElo "2132"]
[PlyCount "39"]
[EventDate "2010.03.30"]
[EventType "swiss"]
[EventRounds "7"]
[EventCountry "POL"]
[SourceTitle "EXT 2023"]
[Source "ChessBase"]
[SourceDate "2022.10.05"]
[SourceVersion "1"]
[SourceVersionDate "2022.10.05"]
[SourceQuality "1"]

1. d4 Nf6 2. c4 g6 3. Nc3 d5 4. Nf3 Bg7 5. Bg5 Ne4 6. cxd5 Nxg5 7. Nxg5 e6 8. Nf3 exd5 9. b4 Qd6 10. Qb3 Nc6 11. e3 Qxb4 12. Qxb4 Nxb4 13. Kd2 c5 14. dxc5 0-0 15. Rb1 Nc6 16. Nb5 Rd8 17. Nbd4 Bf8 18. Rc1 Nxd4 19. Nxd4 Bd7 20. Bb5 1/2-1/2

[Event "Karpacz op"]
[Site "Karpacz"]
[Date "2010.02.25"]
[Round "6"]
[White "Rutkowski, Maciej"]
[Black "Lada, Ireneusz"]
[Result "1-0"]
[WhiteElo "2405"]
[BlackElo "2145"]
[PlyCount "46"]
[EventDate "2010.02.21"]
[EventType "swiss"]
[EventRounds "9"]
[EventCountry "POL"]
[SourceTitle "CBM 135 Extra"]
[Source "ChessBase"]
[SourceDate "2010.05.04"]
[SourceVersion "1"]
[SourceVersionDate "2010.05.04"]
[SourceQuality "1"]

1. d4 Nf6 2. Nf3 b6 3. c4 e6 4. g3 Ba6 5. Nbd2 Bb4 6. Qc2 Bb7 7. Bg2 0-0 8. 0-0 Bxd2 9. Bxd2 d5 10. Bg5 dxc4 11. Bxf6 Qxf6 12. Ng5 Qxg5 13. Bxb7 Nd7 14. Bxa8 Rxa8 15. Qxc4 c5 16. Rfd1 cxd4 17. Qc6 Qd5 18. Qxd5 exd5 19. Rac1 Nc5 20. Rxd4 Rd8 21. Rcd1 Re8 22. e3 g6 23. Rxd5 Kg7 1-0

[Event "Karpacz op"]
[Site "Karpacz"]
[Date "2010.02.23"]
[Round "3"]
[White "Nasuta, Grzegorz"]
[Black "Rutkowski, Maciej"]
[Result "0-1"]
[WhiteElo "2036"]
[BlackElo "2405"]
[PlyCount "72"]
[EventDate "2010.02.21"]
[EventType "swiss"]
[EventRounds "9"]
[EventCountry "POL"]
[SourceTitle "CBM 135 Extra"]
[Source "ChessBase"]
[SourceDate "2010.05.04"]
[SourceVersion "1"]
[SourceVersionDate "2010.05.04"]
[SourceQuality "1"]

1. e4 c5 2. Nf3 Nc6 3. d4 cxd4 4. Nxd4 g6 5. c4 Nf6 6. Nc3 d6 7. Be2 Nxd4 8. Qxd4 Bg7 9. Be3 0-0 10. Qd2 a5 11. 0-0 a4 12. Rac1 Be6 13. f3 Qa5 14. Nd5 Qxd2 15. Bxd2 Bxd5 16. cxd5 Nd7 17. Rc7 Nc5 18. Rxe7 Bf6 19. Rc7 Bd8 20. Rxc5 Bb6 21. Be3 Bxc5 22. Bxc5 dxc5 23. Rc1 Rfc8 24. f4 c4 25. Rxc4 Rxc4 26. Bxc4 Rc8 27. b3 a3 28. d6 Kf8 29. Kf2 Rc6 30. e5 b5 31. Bd3 Rc3 32. Ke3 Rxb3 33. Kd4 Rb2 34. g4 Rxa2 35. f5 Rd2 36. f6 a2 0-1

[Event "Karpacz op"]
[Site "Karpacz"]
[Date "2010.02.23"]
[Round "2"]
[White "Rutkowski, Maciej"]
[Black "Wisniowska, Klaudia"]
[Result "1-0"]
[WhiteElo "2405"]
[BlackElo "1947"]
[PlyCount "61"]
[EventDate "2010.02.21"]
[EventType "swiss"]
[EventRounds "9"]
[EventCountry "POL"]
[SourceTitle "CBM 135 Extra"]
[Source "ChessBase"]
[SourceDate "2010.05.04"]
[SourceVersion "1"]
[SourceVersionDate "2010.05.04"]
[SourceQuality "1"]

1. d4 Nf6 2. Nf3 g6 3. c4 Bg7 4. Nc3 0-0 5. g3 d6 6. Bg2 c5 7. d5 Na6 8. 0-0 Nc7 9. Re1 Rb8 10. a4 a6 11. a5 b5 12. axb6 Rxb6 13. Qc2 e5 14. Bd2 Nh5 15. Na4 Rb7 16. Ba5 Qe7 17. e4 Na8 18. Rab1 f5 19. b4 cxb4 20. Bxb4 f4 21. c5 Bg4 22. cxd6 Qf7 23. Ng5 Qf6 24. Ne6 f3 25. Bf1 Nf4 26. Nxf4 exf4 27. Nc5 Rxb4 28. Rxb4 Qxd6 29. Bd3 fxg3 30. hxg3 Kh8 31. e5 1-0

[Event "POL-ch 67th"]
[Site "Warsaw"]
[Date "2010.01.16"]
[Round "8"]
[White "Strzemiecki, Zbigniew"]
[Black "Rutkowski, Maciej"]
[Result "1/2-1/2"]
[WhiteElo "2333"]
[BlackElo "2405"]
[PlyCount "107"]
[EventDate "2010.01.09"]
[EventType "swiss"]
[EventRounds "9"]
[EventCountry "POL"]
[SourceTitle "CBM 134 Extra"]
[Source "ChessBase"]
[SourceDate "2010.03.03"]
[SourceVersion "1"]
[SourceVersionDate "2010.03.03"]
[SourceQuality "1"]

1. e4 e5 2. Nf3 Nc6 3. Bc4 Bc5 4. c3 Nf6 5. d4 exd4 6. e5 d5 7. Bb5 Ne4 8. cxd4 Bb6 9. Nc3 0-0 10. Be3 Bg4 11. Qc2 Bf5 12. Bxc6 bxc6 13. Qa4 c5 14. dxc5 Bxc5 15. Nxe4 Bxe3 16. Ng3 Bd7 17. Qa5 Bb6 18. Qxd5 Qe8 19. Rc1 Be6 20. Qc6 Ba5+ 21. Ke2 Bd7 22. Qe4 Bb5+ 23. Ke3 Bb6+ 24. Kf4 h6 25. Nf5 Bd7 26. Rhd1 Bxf2 27. N3d4 c5 28. Nd6 Qd8 29. N4f5 Bxf5 30. Nxf5 Qb8 31. Kf3 Bd4 32. Nxd4 cxd4 33. Qxd4 Re8 34. Rc5 Qb7+ 35. Kf2 Re6 36. b4 Rae8 37. Ra5 a6 38. Rd5 Qc7 39. Rc5 Qe7 40. Re1 Rd8 41. Qc3 Qg5 42. Rc8 Ree8 43. Rxd8 Rxd8 44. g3 Rd2+ 45. Re2 Qf5+ 46. Qf3 Rxe2+ 47. Kxe2 Qc2+ 48. Ke1 Qxa2 49. Qa8+ Kh7 50. Qe4+ g6 51. h4 h5 52. Qf4 Kg8 53. Qd4 Kh7 54. Kf1 1/2-1/2

[Event "POL-ch 67th"]
[Site "Warsaw"]
[Date "2010.01.15"]
[Round "7"]
[White "Rutkowski, Maciej"]
[Black "Socko, Bartosz"]
[Result "0-1"]
[WhiteElo "2405"]
[BlackElo "2643"]
[PlyCount "110"]
[EventDate "2010.01.09"]
[EventType "swiss"]
[EventRounds "9"]
[EventCountry "POL"]
[SourceTitle "CBM 134 Extra"]
[Source "ChessBase"]
[SourceDate "2010.03.03"]
[SourceVersion "1"]
[SourceVersionDate "2010.03.03"]
[SourceQuality "1"]

1. d4 Nf6 2. Nf3 g6 3. c4 Bg7 4. Nc3 d6 5. e4 0-0 6. Be2 e5 7. dxe5 dxe5 8. Qxd8 Rxd8 9. Bg5 Re8 10. Nd5 Nxd5 11. cxd5 c6 12. Bc4 cxd5 13. Bxd5 Nd7 14. Nd2 Nc5 15. Ke2 Be6 16. Rhc1 Rec8 17. Be3 Bxd5 18. exd5 Nd7 19. Ne4 Bf8 20. Bg5 f5 21. Nf6+ Nxf6 22. Bxf6 Bd6 23. f3 Kf7 24. Bg5 Ke8 25. Be3 Kd7 26. Kd3 a6 27. Rxc8 Rxc8 28. g4 Bc5 29. gxf5 gxf5 30. Rg1 Kd6 31. Rg7 Bxe3 32. Kxe3 Rc7 33. Rg5 Rf7 34. f4 Kxd5 35. fxe5 Kxe5 36. Rh5 Rc7 37. Rh6 Rc2 38. Rb6 Rxh2 39. Rxb7 Rh3+ 40. Kf2 Kf4 41. Rb4+ Kg5 42. Rb6 Kg4 43. Rxa6 Rh2+ 44. Kf1 f4 45. Ra7 h5 46. Rb7 Kg3 47. Kg1 Rc2 48. Rg7+ Kf3 49. Rh7 h4 50. Rb7 Rc1+ 51. Kh2 Ke2 52. Re7+ Kf2 53. a4 Ra1 54. Re4 f3 55. b3 Re1 0-1

[Event "POL-ch 67th"]
[Site "Warsaw"]
[Date "2010.01.14"]
[Round "6"]
[White "Hnydiuk, Aleksander"]
[Black "Rutkowski, Maciej"]
[Result "1/2-1/2"]
[WhiteElo "2432"]
[BlackElo "2405"]
[PlyCount "68"]
[EventDate "2010.01.09"]
[EventType "swiss"]
[EventRounds "9"]
[EventCountry "POL"]
[SourceTitle "CBM 134 Extra"]
[Source "ChessBase"]
[SourceDate "2010.03.03"]
[SourceVersion "1"]
[SourceVersionDate "2010.03.03"]
[SourceQuality "1"]

1. e4 c5 2. Nf3 d6 3. d4 cxd4 4. Nxd4 Nf6 5. Nc3 g6 6. g3 Nc6 7. Nde2 b6 8. Bg2 Bb7 9. 0-0 Bg7 10. Nd5 0-0 11. Bg5 e6 12. Nxf6+ Bxf6 13. Bxf6 Qxf6 14. c3 Rfd8 15. Qa4 a6 16. Qb3 b5 17. a4 Qe5 18. Rfd1 Qc5 19. Nd4 Nxd4 20. Rxd4 Bc6 21. axb5 axb5 22. Rxa8 Rxa8 23. Qd1 Ra2 24. Qb1 Ra6 25. Bf3 e5 26. Rd1 b4 27. cxb4 Qxb4 28. h4 h5 29. Qd3 Bb5 30. Qd2 Qb3 31. Be2 Rb6 32. Bxb5 Qxb5 33. Kg2 Qxb2 34. Qxb2 Rxb2 1/2-1/2

[Event "POL-ch 67th"]
[Site "Warsaw"]
[Date "2010.01.09"]
[Round "1"]
[White "Rutkowski, Maciej"]
[Black "Gajewski, Grzegorz"]
[Result "1-0"]
[WhiteElo "2405"]
[BlackElo "2568"]
[PlyCount "77"]
[EventDate "2010.01.09"]
[EventType "swiss"]
[EventRounds "9"]
[EventCountry "POL"]
[SourceTitle "CBM 134 Extra"]
[Source "ChessBase"]
[SourceDate "2010.03.03"]
[SourceVersion "1"]
[SourceVersionDate "2010.03.03"]
[SourceQuality "1"]

1. Nf3 Nf6 2. c4 e6 3. g3 d5 4. d4 dxc4 5. Bg2 a6 6. 0-0 Nc6 7. e3 Bd7 8. Qe2 b5 9. b3 cxb3 10. axb3 Bb4 11. Bb2 0-0 12. Rc1 Nd5 13. Nc3 Na5 14. Qc2 Bc6 15. Ne5 Bb7 16. Nd3 Bxc3 17. Bxc3 Nxc3 18. Bxb7 Nxb7 19. Qxc3 Qd5 20. Qxc7 Qe4 21. Nb4 h5 22. h4 Rfc8 23. Qb6 Kh7 24. Rxc8 Rxc8 25. Qxa6 Rc3 26. Qxb5 f5 27. Qe8 Kh6 28. Qh8+ Kg6 29. Qe8+ Kh6 30. Qe7 Kh7 31. Qg5 Qf3 32. Na6 Rc2 33. Rf1 Qe2 34. Nb4 Rc7 35. d5 Nd6 36. dxe6 Qd2 37. e7 Rc8 38. Qxh5+ Kg8 39. Rd1 1-0

[Event "Krakow op 20th"]
[Site "Krakow"]
[Date "2010.01.03"]
[Round "8"]
[White "Rutkowski, Maciej"]
[Black "Vlcek, Stanislav"]
[Result "1-0"]
[WhiteElo "2336"]
[BlackElo "2286"]
[PlyCount "71"]
[EventDate "2009.12.27"]
[EventType "swiss"]
[EventRounds "9"]
[EventCountry "POL"]
[SourceTitle "CBM 134 Extra"]
[Source "ChessBase"]
[SourceDate "2010.03.03"]
[SourceVersion "1"]
[SourceVersionDate "2010.03.03"]
[SourceQuality "1"]

1. d4 Nf6 2. Nf3 g6 3. c4 Bg7 4. Nc3 d6 5. g3 0-0 6. Bg2 Nbd7 7. 0-0 e5 8. h3 c6 9. e4 Qb6 10. c5 dxc5 11. dxe5 Ne8 12. e6 fxe6 13. Qc2 Nd6 14. Rd1 Qc7 15. Ng5 Ne5 16. f4 Nef7 17. e5 Nf5 18. Nxf7 Rxf7 19. Ne4 b6 20. b4 cxb4 21. Nd6 Nxd6 22. exd6 Qd8 23. Bxc6 Bb7 24. Bxb7 Rxb7 25. Rb1 a5 26. Bb2 Qd7 27. Bxg7 Rc8 28. Qe4 Kxg7 29. Rbc1 Rbb8 30. h4 Kf7 31. Rxc8 Rxc8 32. h5 Rc5 33. h6 Kf6 34. Qd4+ e5 35. fxe5+ Rxe5 36. Re1 1-0

[Event "Krakow op 20th"]
[Site "Krakow"]
[Date "2009.12.27"]
[Round "1"]
[White "Luca, Ionel"]
[Black "Rutkowski, Maciej"]
[Result "0-1"]
[WhiteElo "2175"]
[BlackElo "2336"]
[PlyCount "74"]
[EventDate "2009.12.27"]
[EventType "swiss"]
[EventRounds "9"]
[EventCountry "POL"]
[SourceTitle "CBM 134 Extra"]
[Source "ChessBase"]
[SourceDate "2010.03.03"]
[SourceVersion "1"]
[SourceVersionDate "2010.03.03"]
[SourceQuality "1"]

1. c4 e5 2. Nc3 d6 3. g3 f5 4. Bg2 Nf6 5. d3 Be7 6. Nf3 0-0 7. c5 Nc6 8. cxd6 cxd6 9. 0-0 Kh8 10. a3 Be6 11. d4 Bg8 12. d5 Nb8 13. e4 Nxe4 14. Nxe4 fxe4 15. Ne1 Nd7 16. Bxe4 Nf6 17. Bg2 Rc8 18. Be3 b6 19. Qb3 Qc7 20. Rd1 Qb7 21. Nc2 e4 22. Bh3 Bxd5 23. Rxd5 Qxd5 24. Qxd5 Nxd5 25. Bxc8 Rxc8 26. Rd1 Rxc2 27. Rxd5 Rxb2 28. Rd4 Kg8 29. Rxe4 Kf7 30. Rc4 Ke6 31. Rc7 a5 32. Kg2 Bf6 33. Kf3 Kd5 34. Rc1 a4 35. Rd1+ Ke6 36. Ke4 Rb3 37. f4 d5+ 0-1